[Event "World Blitz Women 2022"]
[Site "Almaty KAZ"]
[Date "2022.12.30"]
[Round "12.47"]
[White "Sultanbek, Zeinep"]
[Black "Chen, Jocelyn"]
[Result "1-0"]
[WhiteTitle "WIM"]
[BlackTitle "WCM"]
[WhiteElo "1891"]
[BlackElo "1854"]
[WhiteFideId "13710419"]
[BlackFideId "30947154"]
[EventDate "2022.12.29"]

1. Nf3 d5 2. c4 e6 3. g3 Nf6 4. Bg2 Be7 5. O-O O-O 6. d4 dxc4 7. Qc2 a6 8. a4
Bd7 9. Qxc4 b5 10. Qd3 Nd5 11. Ne5 Nc6 12. Nxd7 Qxd7 13. axb5 Ncb4 14. Qb3 axb5
15. Rxa8 Rxa8 16. Bd2 Rb8 17. e4 c5 18. dxc5 Bxc5 19. exd5 Nxd5 20. Nc3 Nxc3 21.
Bxc3 Qe7 22. Be5 Rb6 23. Qc3 b4 24. Qd3 f6 25. Bf4 e5 26. Be3 Bxe3 27. Qxe3 Rd6
28. Qb3+ Kh8 29. Qxb4 h6 30. Qe4 Rb6 31. Rc1 Qd7 32. b4 Rb8 33. Rb1 Rb5 34. Qc6
Qd3 35. Qa8+ Kh7 36. Be4+ Qxe4 37. Qxe4+ Kg8 38. Qc4+ Kh7 39. Qxb5 Kg6 40. Qd3+
Kf7 41. Qf5 Ke7 42. Rd1 Kf7 43. Rd7+ Kg8 44. Qg6 Kf8 45. Qf7# 1-0

[Event "World Blitz Women 2022"]
[Site "Almaty KAZ"]
[Date "2022.12.30"]
[Round "12.48"]
[White "Bauyrzhan, Arnash"]
[Black "Madi, Aidana"]
[Result "0-1"]
[WhiteElo "2041"]
[BlackElo "1583"]
[WhiteFideId "13706322"]
[BlackFideId "13722689"]
[EventDate "2022.12.29"]

1. e4 c5 2. Nf3 d6 3. Bb5+ Bd7 4. Bxd7+ Nxd7 5. O-O e6 6. b3 Be7 7. Bb2 Ngf6 8.
Qe2 O-O 9. c4 a6 10. d4 cxd4 11. Nxd4 Nc5 12. Nc3 Rb8 13. Rad1 Qc7 14. Kh1 Nfd7
15. b4 b5 16. bxc5 dxc5 17. Nb3 bxc4 18. Qxc4 Nb6 19. Qe2 c4 20. Nd4 Nd7 21. Nf3
Qb7 22. Rb1 Qc6 23. Bc1 Bb4 24. Rxb4 Rxb4 25. Ba3 a5 26. Bxb4 axb4 27. Nb1 Ra8
28. Rc1 Nb6 29. Ne5 Qa4 30. Nxc4 Nd7 31. Nd6 Qa5 32. h3 h6 33. Rc2 Qe5 34. Nc4
Qa1 35. Qd1 Nc5 36. f3 Na4 37. Rd2 Qf6 38. Rd7 Nc3 39. Nxc3 bxc3 40. Qc2 Rb8 41.
e5 Qf4 42. Rd1 Qxc4 43. Rc1 Rc8 44. a4 Qb4 45. Kh2 Qc5 46. f4 Qb4 47. Kh1 Qxf4
48. Qd1 Qb4 49. Qc2 Qc5 50. Qe2 c2 51. Qd3 Qf2 52. Qb3 Qd2 53. Qb2 Qd3 54. Kh2
Qe2 55. Kh1 Qe4 56. Kh2 Qe2 57. Kh1 Qd2 58. Kh2 Qf2 59. Kh1 Qd2 60. Kh2 Qd5 61.
Kh1 Qe4 62. Kh2 Rc5 63. Qb3 Qxe5+ 64. Kh1 Qe4 65. a5 Rxa5 66. Rxc2 Ra1+ 67. Kh2
Qf4+ 68. g3 Qf1 69. Rc8+ Kh7 70. Qc2+ g6 71. Qb2 Qg1# 0-1

[Event "World Blitz Women 2022"]
[Site "Almaty KAZ"]
[Date "2022.12.30"]
[Round "13.1"]
[White "Khademalsharieh, Sarasadat"]
[Black "Shuvalova, Polina"]
[Result "0-1"]
[WhiteTitle "IM"]
[BlackTitle "IM"]
[WhiteElo "2490"]
[BlackElo "2502"]
[WhiteFideId "12512214"]
[BlackFideId "24171760"]
[EventDate "2022.12.29"]

1. d4 Nf6 2. c4 e6 3. Nc3 Bb4 4. Nf3 O-O 5. Bg5 h6 6. Bh4 c5 7. dxc5 Na6 8. Rc1
Nxc5 9. a3 Bxc3+ 10. Rxc3 Nce4 11. Rc2 Qa5+ 12. Nd2 d5 13. Bxf6 Nxf6 14. e3 Rd8
15. Qc1 b6 16. b4 Qa4 17. cxd5 exd5 18. Bd3 Ba6 19. Bxa6 Qxa6 20. Nb3 Rac8 21.
Nd4 Rxc2 22. Qxc2 Rc8 23. Qb1 Ne4 24. f3 Qxa3 0-1

[Event "World Blitz Women 2022"]
[Site "Almaty KAZ"]
[Date "2022.12.30"]
[Round "13.2"]
[White "Tan, Zhongyi"]
[Black "Lagno, Kateryna"]
[Result "1-0"]
[WhiteTitle "GM"]
[BlackTitle "GM"]
[WhiteElo "2518"]
[BlackElo "2563"]
[WhiteFideId "8603642"]
[BlackFideId "14109336"]
[EventDate "2022.12.29"]

1. d4 Nf6 2. c4 e6 3. Nf3 d5 4. Nc3 dxc4 5. e3 a6 6. a4 c5 7. Bxc4 Nc6 8. O-O
cxd4 9. exd4 Be7 10. Be3 O-O 11. Ne5 Bd7 12. Nxd7 Qxd7 13. d5 exd5 14. Nxd5 Nxd5
15. Qxd5 Qxd5 16. Bxd5 Bf6 17. Rac1 Rac8 18. Rfd1 Rfd8 19. Bb6 Rd7 20. b3 g6 21.
g3 Kg7 22. Kg2 Ne7 23. Bf3 Rxd1 24. Rxd1 Nc6 25. Rd6 h5 26. Bd5 Bd8 27. Bxc6
Bxb6 28. Bxb7 Bc5 29. Rxa6 Rb8 30. Bd5 Rd8 31. Bc4 Rd2 32. Kf3 Rxf2+ 33. Ke4
Rxh2 34. a5 Rg2 35. Rc6 Bg1 36. Rc7 Rxg3 37. Rxf7+ Kh6 38. a6 h4 39. a7 Bxa7 40.
Rxa7 h3 41. Ra8 Kg5 42. Rh8 Rc3 43. Be6 Kf6 44. Rxh3 Rc1 45. Bc4 g5 46. Rf3+ Kg6
47. Rf8 Kh5 48. Be2+ Kh4 49. Rh8+ Kg3 50. Rg8 Rc5 51. Kd4 Rf5 52. Bd3 Rf4+ 53.
Kc5 g4 54. b4 Kf3 55. Bc4 g3 56. Bd5+ Kf2 57. b5 1-0

[Event "World Blitz Women 2022"]
[Site "Almaty KAZ"]
[Date "2022.12.30"]
[Round "13.3"]
[White "Gunina, Valentina"]
[Black "Koneru, Humpy"]
[Result "0-1"]
[WhiteTitle "GM"]
[BlackTitle "GM"]
[WhiteElo "2476"]
[BlackElo "2572"]
[WhiteFideId "4167570"]
[BlackFideId "5008123"]
[EventDate "2022.12.29"]

1. d4 Nf6 2. c4 e6 3. Nf3 d5 4. Nc3 Nbd7 5. Bf4 dxc4 6. e3 Bb4 7. Bxc4 Nd5 8.
O-O Bxc3 9. bxc3 Nxf4 10. exf4 O-O 11. Qe2 Nf6 12. Ne5 Qd6 13. Rad1 b6 14. Qf3
Nd5 15. f5 Bb7 16. f6 gxf6 17. Ng4 f5 18. Nh6+ Kh8 19. Qh5 Qe7 20. Bxd5 Bxd5 21.
Rd3 Qf6 22. Rg3 f4 23. Rg4 Be4 24. Re1 Bg6 25. Qh3 Rae8 26. Re5 Bf5 27. Nxf5
exf5 28. Rxf4 Rxe5 29. dxe5 Qxe5 30. g3 Rd8 31. Qh5 Rd7 32. Kg2 Qd5+ 33. Kh3 Qe6
34. c4 Qg6 35. Qh4 Kg7 36. Kg2 Qc6+ 37. Rf3 Rd3 38. Qg5+ Kf8 39. Qxf5 Rxf3 40.
Qxf3 Qxc4 41. Qa8+ Kg7 42. Qxa7 Qd5+ 43. f3 Qd2+ 44. Kh3 Qd7+ 45. Kg2 Qd6 46.
Qa4 c5 47. Qg4+ Kf8 48. Qc4 Qd2+ 49. Kh3 Qh6+ 50. Kg2 Qd2+ 51. Kg1 Qd6 52. Kf2
Qd2+ 53. Kg1 Kg7 54. a4 Qd1+ 55. Kg2 Qd2+ 56. Kh3 Qd6 57. Qc3+ Kf8 58. Kg2 Ke7
59. a5 bxa5 60. Qxa5 Qd4 61. Qa7+ Kf6 62. Qb6+ Kg7 63. Qb1 c4 64. Qb4 Qd3 65.
Qc5 c3 66. Qe5+ Kg8 67. Qg5+ Kf8 68. Qc5+ Ke8 69. Qc8+ Ke7 70. Qc7+ Ke6 0-1

[Event "World Blitz Women 2022"]
[Site "Almaty KAZ"]
[Date "2022.12.30"]
[Round "13.4"]
[White "Badelka, Olga"]
[Black "Goryachkina, Aleksandra"]
[Result "1/2-1/2"]
[WhiteTitle "IM"]
[BlackTitle "GM"]
[WhiteElo "2416"]
[BlackElo "2584"]
[WhiteFideId "13509926"]
[BlackFideId "4147103"]
[EventDate "2022.12.29"]

1. e4 c5 2. Nc3 e6 3. Nf3 Nc6 4. d4 cxd4 5. Nxd4 Nf6 6. Nxc6 bxc6 7. e5 Nd5 8.
Ne4 Bb7 9. c4 Nb4 10. a3 Qa5 11. axb4 Qxa1 12. c5 Ba6 13. Bxa6 Qxa6 14. Qd4 Be7
15. h4 Rb8 16. h5 h6 17. Rh3 Qa1 18. Qc4 Qa4 19. Bd2 Qb5 20. Qd4 a5 21. Rg3 axb4
22. Rxg7 Ra8 23. f3 Bh4+ 24. g3 Ra1+ 25. Kf2 Qf1+ 26. Ke3 Qg1+ 27. Kd3 Qf1+ 28.
Ke3 Qg1+ 29. Kd3 Qf1+ 30. Ke3 Qg1+ 31. Kd3 1/2-1/2

[Event "World Blitz Women 2022"]
[Site "Almaty KAZ"]
[Date "2022.12.30"]
[Round "13.5"]
[White "Kosteniuk, Alexandra"]
[Black "Omonova, Umida"]
[Result "1-0"]
[WhiteTitle "GM"]
[BlackTitle "WFM"]
[WhiteElo "2520"]
[BlackElo "2052"]
[WhiteFideId "4128125"]
[BlackFideId "14210363"]
[EventDate "2022.12.29"]

1. e4 c5 2. c3 d5 3. exd5 Qxd5 4. d4 cxd4 5. cxd4 Nc6 6. Nf3 e6 7. Nc3 Qd8 8.
Bd3 Nf6 9. O-O Be7 10. Bg5 O-O 11. Rc1 Nb4 12. Bb1 Nbd5 13. Ne5 Bd7 14. Qd3 g6
15. Qh3 Rc8 16. Rfe1 Nxc3 17. bxc3 Bc6 18. Bh6 Re8 19. Nxf7 Qd5 20. Ng5 Bd7 21.
Re5 Qxd4 22. Ree1 Qd6 23. Rcd1 Qc6 24. Nxh7 Kxh7 25. Bg5+ Kg8 26. Bxg6 Qxc3 27.
Re3 Qd4 28. Red3 Qe5 29. Bxf6 Qxf6 30. Qh7+ Kf8 31. Rf3 1-0

[Event "World Blitz Women 2022"]
[Site "Almaty KAZ"]
[Date "2022.12.30"]
[Round "13.6"]
[White "Assaubayeva, Bibisara"]
[Black "Dzagnidze, Nana"]
[Result "1-0"]
[WhiteTitle "IM"]
[BlackTitle "GM"]
[WhiteElo "2440"]
[BlackElo "2517"]
[WhiteFideId "13708694"]
[BlackFideId "13601903"]
[EventDate "2022.12.29"]

1. d4 Nf6 2. c4 e6 3. Nf3 d5 4. Nc3 c6 5. Bg5 Nbd7 6. cxd5 exd5 7. e3 Bd6 8. Bd3
O-O 9. O-O Re8 10. Qc2 h6 11. Bf4 Bxf4 12. exf4 Nf8 13. f5 Bd7 14. Rfe1 b6 15.
Ne5 c5 16. Rad1 c4 17. Be2 b5 18. Bf3 Qc8 19. Nxd5 Bxf5 20. Qd2 N6d7 21. Nc6 Kh8
22. Nce7 Qa6 23. Nxf5 Qxa2 24. Nc3 Qa5 25. Bxa8 1-0

[Event "World Blitz Women 2022"]
[Site "Almaty KAZ"]
[Date "2022.12.30"]
[Round "13.7"]
[White "Harika, Dronavalli"]
[Black "Javakhishvili, Lela"]
[Result "1-0"]
[WhiteTitle "GM"]
[BlackTitle "IM"]
[WhiteElo "2507"]
[BlackElo "2440"]
[WhiteFideId "5015197"]
[BlackFideId "13601458"]
[EventDate "2022.12.29"]

1. Nf3 Nf6 2. g3 c5 3. Bg2 Nc6 4. O-O g6 5. b3 Bg7 6. Bb2 d5 7. d4 cxd4 8. Nxd4
Nxd4 9. Bxd4 O-O 10. Nd2 Re8 11. Nf3 Bf5 12. Rc1 Qa5 13. a4 Rac8 14. Ne5 Ne4 15.
Nf3 e5 16. Bb2 d4 17. Nh4 Nc3 18. Bxc3 Qxc3 19. Nxf5 gxf5 20. Bxb7 Rc5 21. Qd3
e4 22. Qxc3 Rxc3 23. Ba6 Be5 24. Bc4 Kg7 25. f3 Re7 26. Bd5 Re3 27. Rf2 Rd7 28.
Bc4 Re7 29. Kg2 Rc3 30. Rff1 a5 31. Rf2 Bd6 32. fxe4 fxe4 33. Rf5 Ba3 34. Rcf1
Rxc2 35. Rxf7+ Rxf7 36. Rxf7+ Kg6 37. Rf2 Bc5 38. Bd5 d3 1-0

[Event "World Blitz Women 2022"]
[Site "Almaty KAZ"]
[Date "2022.12.30"]
[Round "13.8"]
[White "Danielian, Elina"]
[Black "Paehtz, Elisabeth"]
[Result "1/2-1/2"]
[WhiteTitle "GM"]
[BlackTitle "GM"]
[WhiteElo "2431"]
[BlackElo "2464"]
[WhiteFideId "13300210"]
[BlackFideId "4641833"]
[EventDate "2022.12.29"]

1. d4 Nf6 2. Bg5 g6 3. Bxf6 exf6 4. e3 Bg7 5. c4 O-O 6. Nc3 f5 7. g3 d6 8. Bg2
Nc6 9. Nge2 h5 10. h4 Bd7 11. O-O Rb8 12. Rb1 Ne7 13. b4 a6 14. a4 Kh8 15. b5
axb5 16. axb5 Ng8 17. Nf4 Nf6 18. Ra1 Be6 19. Qd3 Nd7 20. Ra7 Nb6 21. Nxe6 fxe6
22. Bxb7 e5 23. Nd5 Kh7 24. Nxb6 cxb6 25. Bc6 Qf6 26. Rd1 f4 27. dxe5 dxe5 28.
exf4 exf4 29. Qf3 Rbd8 30. Rxd8 Rxd8 31. Bd5 Kh6 32. Qxf4+ Qxf4 33. gxf4 Bd4 34.
Rf7 Re8 35. f5 gxf5 36. Rxf5 Re1+ 37. Kg2 Rc1 38. Bf7 Kg7 39. Bd5 Kg6 40. Rf3
Bc5 41. Bf7+ Kh6 42. Rf5 Kg7 43. Bxh5 Rxc4 44. Bf3 Rxh4 45. Bc6 Rb4 46. Rg5+ Kf6
47. Rg3 Ke5 1/2-1/2

[Event "World Blitz Women 2022"]
[Site "Almaty KAZ"]
[Date "2022.12.30"]
[Round "13.9"]
[White "Stefanova, Antoaneta"]
[Black "Kamalidenova, Meruert"]
[Result "1-0"]
[WhiteTitle "GM"]
[BlackTitle "WIM"]
[WhiteElo "2442"]
[BlackElo "2377"]
[WhiteFideId "2902257"]
[BlackFideId "13712802"]
[EventDate "2022.12.29"]

1. d4 Nf6 2. Nf3 d5 3. g3 e6 4. Bg2 Be7 5. O-O O-O 6. b3 b5 7. Ne5 c6 8. c4 bxc4
9. bxc4 Ba6 10. Qc2 Nfd7 11. Nxd7 Nxd7 12. Nd2 Rc8 13. Qa4 Bxc4 14. Nxc4 dxc4
15. Rd1 Nb6 16. Qc2 Qc7 17. e4 Bf6 18. Rb1 Rfd8 19. Be3 Be7 20. Bf1 c5 21. Bf4
Qc6 22. d5 exd5 23. exd5 Nxd5 24. Bg2 Qe6 25. Re1 Qf6 26. Be5 Qg6 27. Be4 Qh5
28. Bxd5 Rxd5 29. Bxg7 Kxg7 30. Rxe7 Rcd8 31. Qxc4 Qf3 32. Ree1 Rd2 33. Qxc5
Rxa2 34. Qg5+ Kf8 35. Qxd8+ Kg7 36. Qg5+ Kf8 37. Rb8# 1-0

[Event "World Blitz Women 2022"]
[Site "Almaty KAZ"]
[Date "2022.12.30"]
[Round "13.10"]
[White "Arabidze, Meri"]
[Black "Gong, Qianyun"]
[Result "1-0"]
[WhiteTitle "IM"]
[BlackTitle "WGM"]
[WhiteElo "2427"]
[BlackElo "2299"]
[WhiteFideId "13604040"]
[BlackFideId "8602425"]
[EventDate "2022.12.29"]

1. d4 d5 2. c4 c6 3. Nf3 Nf6 4. g3 dxc4 5. Bg2 g6 6. O-O Bg7 7. a4 O-O 8. Na3 a5
9. Nxc4 Na6 10. Nfe5 Nb4 11. b3 Be6 12. Bb2 Qc8 13. Nb6 Qc7 14. Nxa8 Rxa8 15.
Nc4 Rd8 16. e4 h5 17. Rc1 h4 18. Ne3 Qb8 19. Re1 Na6 20. Nc4 Qc7 21. Bc3 b6 22.
Bb2 Qa7 23. Ne5 Nb4 24. Nxc6 Nxc6 25. Rxc6 hxg3 26. hxg3 Bd7 27. Rc2 b5 28. axb5
Bxb5 29. d5 a4 30. Bd4 Qa6 31. Ra2 a3 32. Bc5 e6 33. Rxa3 Qb7 34. d6 e5 35. b4
Bc6 36. Ra7 Qb8 37. Qa1 Nd7 38. Qa2 Bf8 39. Bf1 Kg7 40. Bc4 f6 41. Be6 Kh6 42.
Kg2 g5 43. Rh1+ Kg7 44. Bd5 Qb5 45. Bxc6 Qxc6 46. Qd5 Qb5 47. Qe6 Qc6 48. Qf5 1-0

[Event "World Blitz Women 2022"]
[Site "Almaty KAZ"]
[Date "2022.12.30"]
[Round "13.11"]
[White "Khamdamova, Afruza"]
[Black "Buksa, Nataliya"]
[Result "1-0"]
[WhiteTitle "WFM"]
[BlackTitle "IM"]
[WhiteElo "2139"]
[BlackElo "2405"]
[WhiteFideId "14210444"]
[BlackFideId "14123622"]
[EventDate "2022.12.29"]

1. e4 c5 2. Nf3 Nc6 3. d4 cxd4 4. Nxd4 e5 5. Nb5 d6 6. N1c3 a6 7. Na3 Nf6 8. Bg5
Be7 9. Nc4 O-O 10. Bxf6 Bxf6 11. Qxd6 Qxd6 12. Nxd6 Be6 13. Bc4 b5 14. Bd5 Bxd5
15. Nxd5 Bg5 16. Nf5 g6 17. Nfe3 f5 18. exf5 gxf5 19. Nc7 Rad8 20. Ne6 Nd4 21.
Nxg5 f4 22. c3 fxe3 23. cxd4 exf2+ 24. Ke2 exd4 25. Rhf1 d3+ 26. Kd2 Rde8 27.
Kxd3 Re5 28. Nf3 Rd8+ 29. Kc2 Re2+ 30. Kc3 a5 31. Rad1 Re3+ 32. Kc2 Re2+ 33. Kb1
Rde8 34. Kc1 b4 35. Nd4 R2e5 36. Rxf2 a4 37. b3 a3 38. Rfd2 Rc8+ 39. Kb1 Re3 40.
Nf5 Re5 41. g4 Rc7 42. Rd8+ Kf7 43. h4 Re2 44. R8d2 Rxd2 45. Rxd2 Rc3 46. Nd6+
Ke6 47. Ne4 Rh3 48. Ng5+ 1-0

[Event "World Blitz Women 2022"]
[Site "Almaty KAZ"]
[Date "2022.12.30"]
[Round "13.12"]
[White "Maltsevskaya, Aleksandra"]
[Black "Khotenashvili, Bela"]
[Result "0-1"]
[WhiteTitle "IM"]
[BlackTitle "GM"]
[WhiteElo "2400"]
[BlackElo "2485"]
[WhiteFideId "24174041"]
[BlackFideId "13602640"]
[EventDate "2022.12.29"]

1. e4 c6 2. d4 g6 3. Nf3 d5 4. e5 Bg7 5. h3 Nh6 6. Bd3 O-O 7. O-O f6 8. c4 Nf7
9. exf6 exf6 10. Nc3 dxc4 11. Bxc4 Kh8 12. Bf4 Nd6 13. Bb3 Na6 14. Re1 Bf5 15.
d5 c5 16. Nd2 g5 17. Bg3 Bg6 18. Bxd6 Qxd6 19. Nc4 Qd7 20. Ba4 Qf5 21. Re7 Nb4
22. Rxb7 Nd3 23. Qd2 Nf4 24. Re1 g4 25. Ne3 Qg5 26. Nxg4 Nxh3+ 27. gxh3 Qxd2 28.
Ree7 f5 29. Ne3 Bd4 30. Kg2 f4 31. Ng4 f3+ 32. Kg3 Qf4+ 33. Kh4 Bf6# 0-1

[Event "World Blitz Women 2022"]
[Site "Almaty KAZ"]
[Date "2022.12.30"]
[Round "13.13"]
[White "Mammadzada, Gunay"]
[Black "Frayna, Janelle Mae"]
[Result "1-0"]
[WhiteTitle "IM"]
[BlackTitle "WGM"]
[WhiteElo "2472"]
[BlackElo "2265"]
[WhiteFideId "13403729"]
[BlackFideId "5212499"]
[EventDate "2022.12.29"]

1. e4 c6 2. d4 d5 3. Nc3 dxe4 4. Nxe4 Bf5 5. Ng3 Bg6 6. h4 h6 7. Nf3 e6 8. Ne5
Bh7 9. Bd3 Bxd3 10. Qxd3 Nf6 11. Bf4 Be7 12. O-O-O Nbd7 13. Ne4 Nxe4 14. Qxe4
Nf6 15. Qe2 Qd5 16. c4 Qe4 17. Qxe4 Nxe4 18. Rde1 Nd6 19. g4 h5 20. g5 O-O 21.
g6 f6 22. Nd3 Nf5 23. Rxe6 Rfd8 24. Be3 Bf8 25. Re4 Re8 26. Rxe8 Rxe8 27. Kd2
Re4 28. Nf4 Bd6 29. Kd3 Re8 30. Nxh5 b5 31. c5 Bc7 32. Nf4 Rd8 33. Ne6 Rd7 34.
Nxc7 Rxc7 35. h5 Rd7 36. f3 a5 37. Bf2 Kf8 38. Re1 Re7 39. b3 Rxe1 40. Bxe1 b4
41. Ke4 Ne7 42. Bd2 Nd5 43. Kd3 Ne7 44. Bc1 Nf5 45. Ke4 Ne7 46. a3 Nd5 47. axb4
Nxb4 48. Bd2 Nd5 49. Bxa5 Ke7 50. Bd2 Ke6 51. b4 f5+ 52. Kd3 Nc7 53. Kc4 Kf6 54.
Bf4 Nd5 55. Be5+ Kg5 56. Bxg7 Kxh5 57. b5 Kxg6 58. bxc6 Ne7 59. c7 Kxg7 60. d5
Kf7 61. d6 1-0

[Event "World Blitz Women 2022"]
[Site "Almaty KAZ"]
[Date "2022.12.30"]
[Round "13.14"]
[White "Batsiashvili, Nino"]
[Black "Padmini, Rout"]
[Result "1-0"]
[WhiteTitle "GM"]
[BlackTitle "IM"]
[WhiteElo "2493"]
[BlackElo "2389"]
[WhiteFideId "13602993"]
[BlackFideId "5029295"]
[EventDate "2022.12.29"]

1. d4 Nf6 2. Nf3 e6 3. Bf4 d5 4. e3 Bd6 5. Nbd2 O-O 6. Bd3 c5 7. dxc5 Bxf4 8.
exf4 Qa5 9. O-O Qxc5 10. c3 b6 11. Qe2 a5 12. Nb3 Qc7 13. Ne5 Ba6 14. Nd4 Bxd3
15. Qxd3 Nbd7 16. Rae1 Nc5 17. Qh3 Na4 18. Re2 Rfe8 19. Rfe1 Rac8 20. f5 Nc5 21.
fxe6 Nxe6 22. Ng4 Ne4 23. Nf5 Nf4 24. Qh4 Nxe2+ 25. Rxe2 Re6 26. f3 Nf6 27. Rxe6
fxe6 28. Nfh6+ gxh6 29. Qxf6 Qg7 30. Qxe6+ 1-0

[Event "World Blitz Women 2022"]
[Site "Almaty KAZ"]
[Date "2022.12.30"]
[Round "13.15"]
[White "Druzhinina, Olga"]
[Black "Girya, Olga"]
[Result "1/2-1/2"]
[BlackTitle "GM"]
[WhiteElo "2245"]
[BlackElo "2398"]
[WhiteFideId "4141911"]
[BlackFideId "4195752"]
[EventDate "2022.12.29"]

1. e4 e5 2. Nf3 Nc6 3. d4 exd4 4. Nxd4 Nf6 5. Nxc6 bxc6 6. Bd3 d5 7. exd5 cxd5
8. O-O Be7 9. Re1 O-O 10. Nc3 c5 11. h3 Bb7 12. Bg5 h6 13. Bh4 d4 14. Bxf6 Bxf6
15. Ne4 Be7 16. Qh5 Rb8 17. b3 Qd5 18. Qxd5 Bxd5 19. Re2 Rfe8 20. Rae1 Kf8 21.
a4 f5 22. Ng3 f4 23. Nf5 Bf6 24. Bb5 Rxe2 25. Rxe2 f3 26. gxf3 Bxf3 27. Re6 Bd5
28. Re2 h5 29. Nd6 Rd8 30. Ne4 Be7 31. Ng3 g6 32. Re5 Bf3 33. Ne4 Bxe4 34. Rxe4
Rd6 35. Re5 Rf6 36. Bd3 h4 37. Re4 Rd6 38. Kg2 Kf7 39. Re5 Kf8 40. Be4 Rf6 41.
Rd5 Rf4 42. Bxg6 Rf6 43. Bd3 Rd6 44. Rf5+ Rf6 45. Rxf6+ Bxf6 46. Kf3 Ke7 47. Ke4
Kd6 48. Kf5 Bd8 49. f4 Ba5 50. Bc4 Ke7 51. Kg6 Bd2 52. f5 Kf8 53. f6 a5 54. f7
Bc3 55. Kf5 Bb4 56. Kg4 Be1 57. Kf5 Bd2 58. Ke4 Bc3 59. Kd5 Bb4 60. Ke4 Bc3 61.
Kd5 Bb4 1/2-1/2

[Event "World Blitz Women 2022"]
[Site "Almaty KAZ"]
[Date "2022.12.30"]
[Round "13.16"]
[White "Tania, Sachdev"]
[Black "Tokhirjonova, Gulrukhbegim"]
[Result "1-0"]
[WhiteTitle "IM"]
[BlackTitle "WGM"]
[WhiteElo "2389"]
[BlackElo "2328"]
[WhiteFideId "5007844"]
[BlackFideId "14203626"]
[EventDate "2022.12.29"]

1. d4 Nf6 2. c4 g6 3. Nc3 d5 4. Bd2 Bg7 5. cxd5 Nxd5 6. e4 Nxc3 7. Bxc3 c5 8. d5
O-O 9. Qd2 Bxc3 10. bxc3 e6 11. Bc4 exd5 12. Bxd5 Qf6 13. Nf3 Nc6 14. h3 Rd8 15.
Qe3 Ne7 16. Bc4 Be6 17. Bxe6 Qxe6 18. O-O b6 19. Qh6 Qf6 20. e5 Qg7 21. Qg5 Nd5
22. Rad1 h6 23. Qc1 c4 24. Rd4 Ne7 25. Rxc4 Rac8 26. Rxc8 Rxc8 27. Qd2 g5 28.
Qd7 Qf8 29. e6 fxe6 30. Qxe6+ Kg7 31. Re1 Ng6 32. Nd4 Rc5 33. Qd7+ Kh8 34. Re8 1-0

[Event "World Blitz Women 2022"]
[Site "Almaty KAZ"]
[Date "2022.12.30"]
[Round "13.17"]
[White "Osmak, Yuliia"]
[Black "Abdumalik, Zhansaya"]
[Result "0-1"]
[WhiteTitle "IM"]
[BlackTitle "GM"]
[WhiteElo "2451"]
[BlackElo "2496"]
[WhiteFideId "14101602"]
[BlackFideId "13703544"]
[EventDate "2022.12.29"]

1. d4 Nf6 2. Bf4 g6 3. e3 Bg7 4. Be2 d5 5. Nf3 O-O 6. O-O c5 7. c3 b6 8. Nbd2
Bb7 9. h3 Nc6 10. Ne5 Nd7 11. Nxd7 Qxd7 12. Nf3 f6 13. Bh2 e5 14. Bb5 Qe6 15.
dxe5 Nxe5 16. Qe2 a6 17. Ba4 Kh8 18. Rad1 b5 19. Bb3 Rad8 20. e4 Nxf3+ 21. Qxf3
c4 22. Bc2 dxe4 23. Qe3 f5 24. Rd2 Rxd2 25. Qxd2 Bf6 26. Rd1 Rd8 27. Qe3 Rxd1+
28. Bxd1 Qd5 29. Be2 Kg7 30. Bf4 Kf7 31. Qb6 Qc6 32. Qe3 Qd5 33. Qb6 g5 34. Qc7+
Kg6 35. Bh5+ Kh6 36. Be3 Bc6 37. h4 f4 38. hxg5+ Bxg5 39. Bd4 Kxh5 40. Qxh7+ Bh6
41. Qh8 Qe6 42. Qd8 Kg6 43. Qc7 e3 44. fxe3 fxe3 45. Qg3+ Bg5 46. Qe1 e2 47.
Qb1+ Qe4 48. Qe1 Qxg2# 0-1

[Event "World Blitz Women 2022"]
[Site "Almaty KAZ"]
[Date "2022.12.30"]
[Round "13.18"]
[White "Ushenina, Anna"]
[Black "Charochkina, Daria"]
[Result "1-0"]
[WhiteTitle "GM"]
[BlackTitle "IM"]
[WhiteElo "2454"]
[BlackElo "2344"]
[WhiteFideId "14110911"]
[BlackFideId "4180917"]
[EventDate "2022.12.29"]

1. d4 d6 2. Nf3 Nf6 3. e3 g6 4. Be2 Bg7 5. O-O O-O 6. b4 a5 7. b5 Nbd7 8. a4 b6
9. c4 e5 10. Bb2 e4 11. Nfd2 Re8 12. Nc3 Nf8 13. f3 exf3 14. Bxf3 Rb8 15. Re1 h5
16. Bc6 Bd7 17. Nf3 Bxc6 18. bxc6 d5 19. Qb3 dxc4 20. Qxc4 Ng4 21. e4 Qd6 22. e5
Qb4 23. Qxb4 axb4 24. Nd5 Ne6 25. Nxb4 Rbd8 26. h3 Bf8 27. Nc2 Nh6 28. Ne3 g5
29. g4 hxg4 30. hxg4 Nf4 31. Rad1 Bb4 32. Rf1 f6 33. Nf5 Nxg4 34. Bc1 Ne2+ 35.
Kh1 Kf7 1-0

[Event "World Blitz Women 2022"]
[Site "Almaty KAZ"]
[Date "2022.12.30"]
[Round "13.19"]
[White "Zatonskih, Anna"]
[Black "Ovod, Evgenija"]
[Result "0-1"]
[WhiteTitle "IM"]
[BlackTitle "IM"]
[WhiteElo "2349"]
[BlackElo "2323"]
[WhiteFideId "14101572"]
[BlackFideId "4131827"]
[EventDate "2022.12.29"]

1. d4 d5 2. c4 e6 3. Nc3 Nf6 4. cxd5 exd5 5. Bg5 Be7 6. e3 Nbd7 7. Nf3 Nf8 8.
Bd3 Ne6 9. Bh4 g6 10. Ne5 Ng7 11. h3 c6 12. O-O Bf5 13. Rb1 Bxd3 14. Qxd3 Nf5
15. Bg5 Nd7 16. Nxd7 Qxd7 17. Bxe7 Qxe7 18. Na4 O-O 19. Rfc1 Nd6 20. Nc5 f5 21.
Re1 Rae8 22. Qd1 Ne4 23. Nd3 Qg7 24. b4 a6 25. a4 Nc3 26. Qc2 Nxb1 27. Rxb1 g5
28. b5 axb5 29. axb5 f4 30. Ne5 fxe3 31. fxe3 Rxe5 32. dxe5 Qxe5 33. Qd3 c5 34.
Rd1 Rd8 35. Rf1 c4 36. Qd2 Rf8 37. Rd1 c3 38. Qd3 Re8 39. Kf2 Rc8 40. Rc1 Rf8+
41. Kg1 Rc8 42. Kf2 Kg7 43. Qd4 0-1

[Event "World Blitz Women 2022"]
[Site "Almaty KAZ"]
[Date "2022.12.30"]
[Round "13.20"]
[White "Nomin-Erdene, Davaademberel"]
[Black "Fataliyeva, Ulviyya"]
[Result "1-0"]
[WhiteTitle "IM"]
[BlackTitle "IM"]
[WhiteElo "2384"]
[BlackElo "2428"]
[WhiteFideId "4900782"]
[BlackFideId "13403052"]
[EventDate "2022.12.29"]

1. f4 d5 2. Nf3 c5 3. g3 Nc6 4. Bg2 g6 5. O-O Bg7 6. d3 Nf6 7. c3 Bg4 8. Ne5 Be6
9. Na3 O-O 10. Nxc6 bxc6 11. e4 d4 12. c4 Qb6 13. f5 gxf5 14. exf5 Bd7 15. g4 h6
16. Qf3 e5 17. Qh3 Rfe8 18. Rf2 e4 19. Bxh6 exd3 20. Bxg7 Kxg7 21. g5 Ng8 22.
Qxd3 Re3 23. f6+ Kf8 24. Qh7 Bf5 25. Qg7+ Ke8 26. Qxg8+ Kd7 27. Qxa8 Qb4 28.
Qxa7+ Kd6 29. Qxf7 Re1+ 30. Rxe1 Qxe1+ 31. Bf1 d3 32. Qe7+ Qxe7 33. fxe7 Kxe7
34. Rxf5 d2 1-0